000 00585cam a22002052a 4500
001 004319
003 AR-FADEU
008 311216n########xxu####################dd
092 _a407
_bS561
_eMAESTRIA
100 _aShurum, Judith L.
245 _aContextualized language instruction. Teacher's handbook
260 _aBoston
260 _bHeinle
300 _a2 v
500 _aIncludes bibliographical references
700 _aEileen W., Glisan
650 _a/LINGUISTICA/LENGUAS MODERNAS-ESTUDIO Y ENSEÑANZA/REVISADO//MAESTRIA/
546 _aInglés
942 _cMAESTRIA
999 _c10144
_d10144